| 000 | 00749nam a2200241 a 4500 | ||
|---|---|---|---|
| 001 | 68079 | ||
| 003 | BD-RjUL | ||
| 005 | 20211209081729.0 | ||
| 008 | 170330s1992 gw a b 001 0 eng | ||
| 020 | _a8185198888 | ||
| 035 | _a(BD-RjUL)68288 | ||
| 040 |
_aDLC _cDLC _dBD-RjUL _beng |
||
| 041 | 1 |
_aeng _hger |
|
| 082 | 0 | 0 |
_a530.12 _223 _bSCQ 1992 |
| 100 | 1 |
_aSchwabl, Franz, _d1938- _9201823 |
|
| 245 | 1 | 0 |
_aQuantum mechanics / _cFranz Schwabl ; translated by Ronald Kates. |
| 260 |
_aBerlin ; _aNew York : _bSpringer-Verlag, _cc1992. |
||
| 300 |
_axiii, 407 p. : _bill. ; _c25 cm. |
||
| 500 | _aTranslation of: Quantenmechanik. | ||
| 504 | _aIncludes bibliographical references and index. | ||
| 650 | 0 |
_aQuantum theory. _9201824 |
|
| 942 |
_2ddc _cBK |
||
| 999 |
_c68079 _d68079 |
||